000 00612nam a22001697a 4500
003 OSt
005 20171010095515.0
008 120814t xxu||||| |||| 00| 0 eng d
040 _aMMSU
_cULS
100 _aRicamonte, Edgar F.
_912147
245 _aThe Influence of nitrogen fertilization and plant population density on yield and yield components of three-grain sorghum varieties
_cEdgar F. Ricamonte
260 _c1997
300 _axv, 68 leaves
_c28 cm.
500 _aThesis (MS Agronomy) -- University of the Philippines, Los BaƱos, Laguna
504 _aBibliography: leaves 46-52
942 _2ddc
_cTHEDIS
999 _c9723
_d9723